000 00729nam a2200289Ia 4500
005 20260324143743.0
008 008 260324s9999 xx 000 0 eng d
020 _a9780429302992
037 _aEBOOK
040 _aCRL
040 _beng
040 _cCRL
041 _2eng
041 _aeng
084 _qCRL
100 _aJacques Baudouy; Clive Gray; Molly Bang; Kelsey Martin
_91216796
245 0 _aPrimary Health Care In Africa
245 2 _bA Study Of The Mali Rural Health Project
260 _bTaylor and Francis
260 _c1990
365 _a
365 _b230
856 _uhttp://www.taylorfrancis.com/books/9780429302992
942 _cEBOOK
999 _c1822583
_d1822583